Countries with the most Olympic Medals (Summer & Winter) - Statistics

General Stats
  • This quiz has been taken 70 times
  • The average score is 26 of 30
Answer Stats
Medals Answer % Correct
2,959 United States
100%
711 China
98%
1,303 Germany / United German Team / West Germany
98%
950 Great Britain
97%
650 Russia / ROC
97%
1,339* Soviet Union / Unified Team
97%
889 France
95%
573 Japan
95%
551 Canada
93%
568 Norway
93%
679 Sweden
93%
566 Australia
92%
480 Finland
92%
759 Italy
92%
321 Poland
92%
346 Austria
88%
469 Netherlands
88%
174 Spain
88%
150 Brazil
86%
366 South Korea
86%
373 Switzerland
83%
268 Czech Republic / Czechoslovakia
81%
165 Belgium
80%
206 Denmark
78%
521 Hungary
78%
309 Romania
78%
148 Ukraine
71%
519* East Germany
68%
230 Bulgaria
66%
235 Cuba
54%
No matching quizzes found
Score Distribution
Percent of People with Each Score
Percentile by Number Answered
Your Score History
You have not taken this quiz